000 00381cam a2200157ua 4500
041 _aeng
_h
082 _a823.301
_bLAR/ST
100 _aLarson, L J .
245 0 0 _aStory time /
_cL J Larson.
_hTextual Documents
250 _a3 /
_b.
260 _aPoona :
_bOriental Watchman Publishing House ,
_c1965.
300 _a79 ; .
504 _a
942 _cBK
999 _c6700
_d6700